000 04252nab a2200385 i 4500
003 BR-BrBNA
005 20240927120945.0
008 240927b2018 bl.|r|pooa||| 00| 0 eng |
040 _aBR-BrBNA
_beng
072 _aL20
_b8891
072 _aL40
072 _aL70
100 _aR.M. Crivelaro
100 _aR. Thiesen2 , M
100 _aM. Aldrovani1
100 _aT.B. Lima1 ,
100 _aK.P. Ortêncio1
100 _aI.R.M. Padua
100 _a J.M.B. Duarte2
100 _a J.L. Laus
245 _aElectroretinography in eight species of neotropical deer
500 _aPublicação online; 31 ref.; 2 table; 2 illus.; Summaries (En, Pt)
520 _a ABSTRACT - The aim of this study was to establish normal baseline ERG values of 23 anesthetized deer belonging to 8 neotropical species (Mazama americana, Mazama nemorivaga, Mazama gouazoubira, Mazama nana, Mazama bororo, Ozotocerus bezoarticus, Odocoileus virginianus and Blastocerus dichotomus). Only right eyes were studied. Chemical restraint was performed using xylazine associated with ketamine, IM, for M. americana, M. gouazoubira, M. nemorivaga, M. nana, M. bororo, O. bezoarticus and O. virginianus. A combination of tiletamine/zolazepam diluted in xylazine 2% was used for B. dichotomus individuals. After 20min of dark adaptation, electroretinograms were obtained using a handheld electroretinography (ERG) machine using the QuickRetCheck Protocol at three different light intensities: 0.01cd.s/m 2, 3cd.s/m 2, and 10cd.s/m2. . After light adaptation, photopic phase was recorded. Awave amplitude recorded during pattern mixed rod/cone response in M. americana was significantly lower when compared to B. dichotomus. No other differences were observed between the species studied. ERG in Neotropical deer is applicable using a portable ERG system and did not show differences among species in relation to the retinal response at different light intensities. Therefore, the lifestyle of the species is more dictated by the selection pressure of the environment than by physiological factors. Keywords: cervidae, habitat, retina, wild animal, ERG
520 _a RESUMO - Objetivou-se estabelecer valores de referência para eletrorretinografia (ERG) de 23 cervídeos anestesiados, de oito espécies neotropicais (Mazama americana, Mazama nemorivaga, Mazama gouazoubira, Mazama nana, Mazama bororo, Ozotocerus bezoarticus, Odocoileus virginianus e Blastocerus dichotomus). Somente os olhos direitos foram estudados. A contenção química foi realizada com cetamina/xilazina, IM, nas seguintes espécies: M. americana, M. gouazoubira, M. nemorivaga, M. nana, M. bororo, O. bezoarticus e O. virginianus. Para o B. dichotomus, foi utilizada a associação de tiletamina/zolazepam e xilazina. Após 20 minutos de adaptação ao escuro, os eletrorretinogramas foram obtidos com aparelho portátil de ERG, utilizando-se o protocolo “QuickRet Check”, em três intensidades de luz: 0.01cd.s/m2, 3cd.s/m2 e 10cd.s/m2 . Após adaptação à luz, realizou-se a fase fotóptica. Os valores para amplitude da onda A durante a resposta padrão mista de cones/bastonetes em M. americana foram significativamente menores quando comparados aos do B. dichotomus. Não foram observadas outras diferenças entre as espécies. A realização de ERG em cervídeos neotropicais é aplicável utilizando-se aparelho portátil e não demonstrou diferenças quanto à resposta retiniana a diferentes intensidades de luz. Dessa forma, o estilo de vida das espécies é ditado mais pela pressão de seleção do ambiente do que por fatores fisiológicos. Palavras-chave: cervídeos, habitat, retina, animais selvagens, ERG
650 _aVEADO
650 _aANIMAL SELVAGEM
650 _aMORFOLOGIA ANIMAL
650 _aOLHO
650 _aRETINA
650 _aHABITAT
773 0 _01643
_9344677
_dBelo Horizonte-MG Universidade Federal de Minas Gerais - Escola de Veterinaria 1983
_o2024-5011
_tArquivo Brasileiro de Medicina Veterinária e Zootecnia (Brazil)
_x0102-0935
_gv. 70(5) p. 1505-1513; (2018)
_wBR2024002529
856 _uhttps://www.scielo.br/j/abmvz/a/nZS6CCrmJ9jSqTtRXSxWgmt/?format=pdf&lang=en
942 _cANA
999 _c327850
_d327850